[Event "Calvia Amateur op 19th"]
[Site "Calvia"]
[Date "2022.10.15"]
[Round "8"]
[White "Juan Lepp, Jaime Boris"]
[Black "Mazanek, Kamil"]
[Result "1-0"]
[WhiteElo "1891"]
[BlackElo "2041"]
[PlyCount "119"]
[EventDate "2022.10.08"]
[EventType "swiss"]
[EventRounds "9"]
[EventCountry "ESP"]
[SourceTitle "CBM 210 Extra"]
[Source "ChessBase"]
[SourceDate "2022.11.30"]
[SourceVersion "1"]
[SourceVersionDate "2022.11.30"]
[SourceQuality "1"]

1. e4 c6 2. Nc3 d5 3. Qf3 e6 4. d4 Qb6 5. Bd3 Nf6 6. Nge2 dxe4 7. Nxe4 Nxe4 8. Qxe4 Nd7 9. 0-0 Qc7 10. c4 Nf6 11. Qh4 b6 12. Re1 Bb7 13. Nf4 0-0-0 14. Be3 h6 15. Qh3 Kb8 16. Rad1 Bb4 17. Ne2 Ka8 18. Nc3 Bd6 19. Na4 Bf4 20. Bc2 Rd7 21. Rd3 Rhd8 22. Red1 Bxe3 23. Qxe3 Ng4 24. Qh3 Qf4 25. Qg3 Qxg3 26. hxg3 Kb8 27. f3 Nf6 28. Kf2 Kc7 29. Nc3 Ba6 30. b3 Re8 31. Re3 Bb7 32. Ne4 Ng8 33. Nc3 Red8 34. Red3 Ne7 35. g4 a5 36. a3 Ba6 37. Na4 Nc8 38. R3d2 Nd6 39. c5 Nb5 40. cxb6+ Kc8 41. Nc5 Nc3 42. Re1 Rxd4 43. Rxd4 Rxd4 44. Nxa6 Rd2+ 45. Ke3 Rd5 46. Bd3 Kb7 47. Rc1 Nb5 48. Nc5+ Kxb6 49. Bxb5 Kxb5 50. Ne4 Kb6 51. b4 axb4 52. axb4 Rd7 53. Ra1 Kb5 54. Rc1 f5 55. Nf2 g6 56. Rc5+ Kb6 57. Nd3 fxg4 58. fxg4 g5 59. Ne5 Rd6 60. Nc4+ 1-0

[Event "Calvia Amateur op 19th"]
[Site "Calvia"]
[Date "2022.10.14"]
[Round "7"]
[White "Mazanek, Kamil"]
[Black "Skielnik, Joseph J"]
[Result "1-0"]
[WhiteElo "2041"]
[BlackElo "1812"]
[PlyCount "43"]
[EventDate "2022.10.08"]
[EventType "swiss"]
[EventRounds "9"]
[EventCountry "ESP"]
[SourceTitle "CBM 210 Extra"]
[Source "ChessBase"]
[SourceDate "2022.11.30"]
[SourceVersion "1"]
[SourceVersionDate "2022.11.30"]
[SourceQuality "1"]

1. c4 c6 2. d4 d5 3. Nc3 Nf6 4. Nf3 a6 5. cxd5 cxd5 6. Bf4 e6 7. e3 Nc6 8. Rc1 Bb4 9. Bd3 Bd7 10. 0-0 Qe7 11. a3 Bxc3 12. Rxc3 0-0 13. Bg5 Rfd8 14. Ne5 h6 15. Bh4 Be8 16. f4 Rac8 17. Ng4 Bd7 18. Bxf6 gxf6 19. Nxh6+ Kf8 20. Qh5 Ke8 21. Nxf7 Kf8 22. Bg6 1-0

[Event "Calvia Amateur op 19th"]
[Site "Calvia"]
[Date "2022.10.12"]
[Round "5"]
[White "Breed, Greg"]
[Black "Mazanek, Kamil"]
[Result "1-0"]
[WhiteElo "1744"]
[BlackElo "2041"]
[PlyCount "121"]
[EventDate "2022.10.08"]
[EventType "swiss"]
[EventRounds "9"]
[EventCountry "ESP"]
[SourceTitle "CBM 210 Extra"]
[Source "ChessBase"]
[SourceDate "2022.11.30"]
[SourceVersion "1"]
[SourceVersionDate "2022.11.30"]
[SourceQuality "1"]

1. d4 c6 2. c4 d5 3. cxd5 cxd5 4. Nc3 Nc6 5. Nf3 Nf6 6. Bg5 Ne4 7. Bf4 e6 8. a3 Bd6 9. Bxd6 Nxd6 10. e3 a6 11. Bd3 h6 12. Qc2 Na5 13. 0-0 b5 14. e4 dxe4 15. Nxe4 Bb7 16. Rfd1 Bd5 17. Nc5 Rc8 18. Qe2 Nb3 19. Nxb3 Bxb3 20. Re1 0-0 21. Rac1 Qb6 22. Qe3 Bd5 23. Ne5 Qb7 24. Qg3 Rxc1 25. Rxc1 Rc8 26. Rxc8+ Qxc8 27. Qf4 Qd8 28. Kf1 Qb6 29. Qd2 Qc7 30. f3 f6 31. Ng4 Bc4 32. Kf2 Bxd3 33. Qxd3 Qc4 34. Ke2 Qc1 35. Qd2 Qh1 36. Kf2 Nc4 37. Qc3 Qb1 38. Ne3 Qxb2+ 39. Qxb2 Nxb2 40. Ke2 Kf7 41. Kd2 Na4 42. Kd3 Nb6 43. g3 h5 44. Ke4 Ke7 45. f4 g6 46. h3 Kd6 47. g4 Nc4 48. Nc2 hxg4 49. hxg4 a5 50. Kd3 Kd5 51. g5 f5 52. Ne1 Nxa3 53. Nf3 b4 54. Ne5 a4 55. Nxg6 Nc4 56. Ne7+ Kd6 57. Kxc4 b3 58. Nc8+ Kc7 59. Na7 b2 60. Nb5+ Kc6 61. Na3 1-0

[Event "Calvia Amateur op 19th"]
[Site "Calvia"]
[Date "2022.10.09"]
[Round "2"]
[White "Rucs, Andris"]
[Black "Mazanek, Kamil"]
[Result "0-1"]
[WhiteElo "1703"]
[BlackElo "2041"]
[PlyCount "146"]
[EventDate "2022.10.08"]
[EventType "swiss"]
[EventRounds "9"]
[EventCountry "ESP"]
[SourceTitle "CBM 210 Extra"]
[Source "ChessBase"]
[SourceDate "2022.11.30"]
[SourceVersion "1"]
[SourceVersionDate "2022.11.30"]
[SourceQuality "1"]

1. e4 c6 2. d4 d5 3. exd5 cxd5 4. Bd3 Nc6 5. c3 Nf6 6. Nf3 Bg4 7. Bf4 e6 8. Nbd2 Be7 9. Qb3 Qc8 10. Qc2 Bh5 11. 0-0 Bg6 12. Ne5 Nxe5 13. Bxe5 0-0 14. h3 Nd7 15. Bg3 b5 16. a3 a5 17. Bxg6 hxg6 18. Qd3 Qc6 19. Rfc1 Rfc8 20. Nb3 Nb6 21. Nd2 Na4 22. Rc2 b4 23. axb4 axb4 24. Rac1 Qb7 25. cxb4 Rxc2 26. Rxc2 Qxb4 27. b3 Nb6 28. Rc1 Ra3 29. Rb1 Bf6 30. Nf3 Nd7 31. Qc2 Qb7 32. b4 Nb6 33. Qc7 Ra7 34. Qxb7 Rxb7 35. Bd6 Nc4 36. Bc5 Rb5 37. g4 g5 38. Ra1 Rb7 39. Ra8+ Kh7 40. Re8 Na3 41. h4 Kg6 42. h5+ Kh7 43. Ra8 Nc4 44. Ra7 Rxa7 45. Bxa7 Na3 46. Kf1 g6 47. hxg6+ Kxg6 48. Bc5 Bg7 49. Nd2 e5 50. Nf3 e4 51. Nd2 Nb5 52. Nb3 f5 53. gxf5+ Kxf5 54. Kg2 Kf4 55. Kf1 e3 56. Ke2 exf2 57. Kxf2 Ke4 58. Nd2+ Kf4 59. Nf3 Bf6 60. Bb6 Ke4 61. Kg3 Kf5 62. Bc5 Nc3 63. Nd2 Ne2+ 64. Kf3 Nxd4+ 65. Bxd4 Bxd4 66. b5 g4+ 67. Ke2 Kf4 68. Kf1 Kg3 69. Ke2 Kg2 70. Nb3 Bb6 71. Nd2 Kh3 72. Nf3 gxf3+ 73. Kxf3 d4 0-1

[Event "Colonia de Sant Jordi op-A"]
[Site "Colonia de Sant Jordi"]
[Date "2022.06.12"]
[Round "9"]
[White "Grant, Jonathan"]
[Black "Mazanek, Kamil"]
[Result "1-0"]
[WhiteElo "2157"]
[BlackElo "2074"]
[PlyCount "147"]
[EventDate "2022.06.04"]
[EventType "swiss"]
[EventRounds "9"]
[EventCountry "ESP"]
[SourceTitle "CBM 208 Extra"]
[Source "ChessBase"]
[SourceDate "2022.07.31"]
[SourceVersion "1"]
[SourceVersionDate "2022.07.31"]
[SourceQuality "1"]

1. c4 c6 2. g3 d5 3. Bg2 Nf6 4. Nf3 g6 5. 0-0 Bg7 6. Qc2 0-0 7. b3 b6 8. Bb2 Bb7 9. Na3 Nbd7 10. Rac1 Rc8 11. Rfd1 e6 12. Qb1 a6 13. Qa1 Qe7 14. Nc2 Rfd8 15. Ne3 Qf8 16. Rc2 Ne4 17. d3 Bxb2 18. Qxb2 Nef6 19. b4 Qe7 20. Rdc1 Qd6 21. c5 bxc5 22. bxc5 Qc7 23. g4 h6 24. Rc3 Rb8 25. Rb3 Ba8 26. h3 Re8 27. d4 Nh7 28. Nf1 Nhf8 29. N1d2 g5 30. e3 Ng6 31. Bf1 Qa7 32. Bd3 Kg7 33. Qa3 a5 34. Rcb1 Ne7 35. Rxb8 Rxb8 36. Rxb8 Nxb8 37. Ne5 f6 38. Nef3 Nd7 39. Bc2 Qa6 40. Bd3 Qa7 41. Bc2 Qa6 42. Qd3 Qxd3 43. Bxd3 e5 44. Be2 exd4 45. exd4 f5 46. a4 Ng6 47. Nb3 Nf4 48. Bf1 fxg4 49. hxg4 Ne6 50. Bd3 Nf6 51. Bf5 Nf4 52. Kf1 Ne4 53. Bxe4 dxe4 54. Nfd2 Nd3 55. Nxe4 Nb2 56. Nc3 Nc4 57. Ke2 Bb7 58. Kd3 Nb2+ 59. Ke4 Nc4 60. d5 cxd5+ 61. Nxd5 Kf7 62. Kd4 Bxd5 63. Kxd5 Nb2 64. Kd6 Nxa4 65. Nxa5 Ke8 66. Nb7 Nc3 67. c6 Nb5+ 68. Kc5 Nc7 69. Nd6+ Ke7 70. Nf5+ Ke6 71. Nxh6 Ke5 72. Kb6 Nd5+ 73. Kb7 Kd6 74. Nf7+ 1-0

[Event "Colonia de Sant Jordi op-A"]
[Site "Colonia de Sant Jordi"]
[Date "2022.06.05"]
[Round "2"]
[White "Herbold, Manfred"]
[Black "Mazanek, Kamil"]
[Result "1/2-1/2"]
[WhiteElo "2031"]
[BlackElo "2074"]
[PlyCount "27"]
[EventDate "2022.06.04"]
[EventType "swiss"]
[EventRounds "9"]
[EventCountry "ESP"]
[SourceTitle "CBM 208 Extra"]
[Source "ChessBase"]
[SourceDate "2022.07.31"]
[SourceVersion "1"]
[SourceVersionDate "2022.07.31"]
[SourceQuality "1"]

1. e4 c6 2. d3 d5 3. Nc3 dxe4 4. dxe4 Qxd1+ 5. Nxd1 e5 6. Bc4 Bc5 7. Be3 Nd7 8. Nf3 f6 9. Nd2 a5 10. a3 h5 11. 0-0 Nh6 12. Be6 Bxe3 13. fxe3 Ke7 14. Ba2 1/2-1/2

[Event "EUR-ch Seniors 50"]
[Site "Prague"]
[Date "2021.08.31"]
[Round "2.2"]
[White "Mazanek, Kamil"]
[Black "Mrva, Martin"]
[Result "0-1"]
[WhiteElo "2070"]
[BlackElo "2387"]
[PlyCount "50"]
[EventDate "2021.08.30"]
[EventType "team-tourn"]
[EventRounds "9"]
[EventCountry "CZE"]
[SourceTitle "CBM 204 Extra"]
[Source "ChessBase"]
[SourceDate "2021.11.30"]
[SourceVersion "1"]
[SourceVersionDate "2021.11.30"]
[SourceQuality "1"]
[WhiteTeam "Udlice Sokol 50"]
[BlackTeam "Slovakia 50"]
[WhiteTeamCountry "CZE"]
[BlackTeamCountry "SVK"]

1. e4 d6 2. d4 a6 3. Nc3 b5 4. a3 Bb7 5. Be3 Nf6 6. f3 Nbd7 7. Nge2 e5 8. d5 c6 9. dxc6 Bxc6 10. Nc1 Rc8 11. Nb3 Nb6 12. Na5 Ba8 13. Qd2 d5 14. exd5 Nbxd5 15. Nxd5 Nxd5 16. Bf2 Be7 17. Nb3 Bg5 18. Qd3 0-0 19. Nc5 Qa5+ 20. c3 b4 21. Qxa6 Rxc5 22. Bxc5 Qxc5 23. axb4 Nxb4 24. cxb4 Qxb4+ 25. Kf2 Qd4+ 0-1

[Event "EUR-ch Seniors 50"]
[Site "Prague"]
[Date "2021.08.30"]
[Round "1.2"]
[White "Bartos, Jan"]
[Black "Mazanek, Kamil"]
[Result "1-0"]
[WhiteElo "2112"]
[BlackElo "2070"]
[PlyCount "47"]
[EventDate "2021.08.30"]
[EventType "team-tourn"]
[EventRounds "9"]
[EventCountry "CZE"]
[SourceTitle "CBM 204 Extra"]
[Source "ChessBase"]
[SourceDate "2021.11.30"]
[SourceVersion "1"]
[SourceVersionDate "2021.11.30"]
[SourceQuality "1"]
[WhiteTeam "Litomerice Slavoj 50"]
[BlackTeam "Udlice Sokol 50"]
[WhiteTeamCountry "CZE"]
[BlackTeamCountry "CZE"]

1. d4 d5 2. c4 e6 3. Nf3 Nf6 4. Nc3 Be7 5. Bf4 0-0 6. e3 c5 7. dxc5 dxc4 8. Qc2 Nc6 9. a3 Bxc5 10. Bxc4 a6 11. 0-0 Qe7 12. Rfd1 Rd8 13. Rxd8+ Qxd8 14. Rd1 Qe8 15. Bd3 Be7 16. Na4 Bd8 17. Ng5 h6 18. Ne4 Nd5 19. Nd6 Qf8 20. Bg3 Nb6 21. Bh7+ Kh8 22. Nxf7+ Qxf7 23. Rxd8+ Nxd8 24. Nxb6 1-0

[Event "Calvia Amateur op 16th"]
[Site "Calvia"]
[Date "2019.10.05"]
[Round "1"]
[White "Munar Messegue, David1111"]
[Black "Mazanek, Kamil"]
[Result "1/2-1/2"]
[WhiteElo "1678"]
[BlackElo "2077"]
[PlyCount "94"]
[EventDate "2019.10.05"]
[EventType "swiss"]
[EventRounds "9"]
[EventCountry "ESP"]
[SourceTitle "CBM 192 Extra"]
[Source "Chessbase"]
[SourceDate "2019.11.06"]
[SourceVersion "1"]
[SourceVersionDate "2019.11.06"]
[SourceQuality "1"]

1. e4 c6 2. d4 d5 3. f3 dxe4 4. fxe4 e5 5. Nf3 Be6 6. dxe5 Qxd1+ 7. Kxd1 Bc5 8. Bg5 Nd7 9. Nbd2 h6 10. Bh4 g5 11. Bg3 0-0-0 12. Kc1 Be3 13. b4 Nb6 14. Bd3 g4 15. Re1 gxf3 16. Rxe3 fxg2 17. Kb2 Ne7 18. Rg1 Ng6 19. Rxg2 Rhg8 20. Rf2 Rd7 21. b5 c5 22. Bf1 Rgd8 23. Rd3 Rd4 24. Rxf7 Rxd3 25. cxd3 Bxf7 26. Bh3+ Kb8 27. e6+ Ka8 28. exf7 Rxd3 29. Kc2 Re3 30. Bf5 Nf8 31. Bf4 Re2 32. Bxh6 Nbd7 33. Bxd7 Nxd7 34. f8Q+ Nxf8 35. Bxf8 Rxh2 36. Bxc5 Rh5 37. Bd6 Rxb5 38. e5 Rd5 39. Ne4 Rd4 40. Nf6 Rf4 41. Nd5 Re4 42. e6 b5 43. Nc7+ Kb7 44. e7 Rxe7 45. Bxe7 Kxc7 46. a3 Kb7 47. Kc3 a5 1/2-1/2

[Event "Calvia Amateur op 15th"]
[Site "Calvia"]
[Date "2018.10.11"]
[Round "6"]
[White "Mazanek, Kamil"]
[Black "Longa Yauca, Javier"]
[Result "1/2-1/2"]
[WhiteElo "2087"]
[BlackElo "2287"]
[PlyCount "121"]
[EventDate "2018.10.06"]
[EventType "swiss"]
[EventRounds "9"]
[EventCountry "ESP"]
[SourceTitle "CBM 186 Extra"]
[Source "ChessBase"]
[SourceDate "2018.08.24"]
[SourceVersion "1"]
[SourceVersionDate "2018.08.24"]
[SourceQuality "1"]

1. e4 e6 2. d4 d5 3. exd5 exd5 4. Bd3 Bd6 5. Ne2 Nf6 6. Bg5 h6 7. Bh4 0-0 8. c3 Re8 9. Nd2 b6 10. Nf1 c5 11. Ne3 g5 12. Bg3 Nc6 13. Bb5 Bb7 14. 0-0 Bf8 15. Qa4 Qd7 16. Qd1 c4 17. Be5 Ng4 18. Nxg4 Qxg4 19. h3 Qh5 20. Ng3 Qxd1 21. Raxd1 Re6 22. Bxc6 Rxc6 23. Nh5 Be7 24. Rde1 f6 25. Bh2 Kf7 26. g4 Re6 27. f4 Rxe1 28. Rxe1 Re8 29. Kg2 Bc6 30. Kf3 b5 31. a3 a5 32. fxg5 hxg5 33. Bc7 Ra8 34. Ra1 b4 35. axb4 axb4 36. Rxa8 Bxa8 37. Ng3 Ke6 38. Nf5 Bf8 39. Ke2 Bc6 40. Ba5 bxc3 41. bxc3 Be8 42. h4 Bg6 43. hxg5 fxg5 44. Ne3 Bd6 45. Kf3 Be4+ 46. Kf2 Bf4 47. Ng2 Bc1 48. Ne3 Kd7 49. Ke2 Kc6 50. Bd8 Bd3+ 51. Kf2 Bd2 52. Ba5 Kb5 53. Bb4 Be4 54. Ke2 Bc1 55. Be7 Ka4 56. Bxg5 Kb3 57. Bf4 Bd3+ 58. Kd1 Bb2 59. Nxd5 Be4 60. Nb6 Bf3+ 61. Kd2 1/2-1/2

[Event "Calvia Amateur op 15th"]
[Site "Calvia"]
[Date "2018.10.08"]
[Round "3"]
[White "Perez Bolanos, Joel"]
[Black "Mazanek, Kamil"]
[Result "0-1"]
[WhiteElo "1823"]
[BlackElo "2087"]
[PlyCount "88"]
[EventDate "2018.10.06"]
[EventType "swiss"]
[EventRounds "9"]
[EventCountry "ESP"]
[SourceTitle "CBM 186 Extra"]
[Source "ChessBase"]
[SourceDate "2018.08.24"]
[SourceVersion "1"]
[SourceVersionDate "2018.08.24"]
[SourceQuality "1"]

1. e4 c6 2. Nc3 d5 3. Nf3 e6 4. d4 Nf6 5. Bg5 h6 6. Bxf6 Qxf6 7. Qd2 Bb4 8. Bd3 dxe4 9. Bxe4 Nd7 10. 0-0-0 0-0 11. g4 e5 12. g5 hxg5 13. h4 g4 14. dxe5 Nxe5 15. Ng5 Bf5 16. Qd4 Bxc3 17. Qxc3 Bxe4 18. Nxe4 Qf4+ 19. Kb1 Qxe4 20. Rhe1 Rad8 21. Rxd8 Rxd8 22. b3 Qf3 23. Qxe5 Qxf2 24. Qe7 Rf8 25. Re2 Qg1+ 26. Re1 Qh2 27. Qxb7 Qxh4 28. Rg1 Re8 29. Rg2 Qe1+ 30. Kb2 Qe4 31. Qd7 f5 32. a3 a5 33. a4 Kf8 34. Rf2 g6 35. Ka2 Re7 36. Qd6 Kg7 37. Rh2 Qe5 38. Qd2 f4 39. Qd8 Re8 40. Qh4 Qh5 41. Qxh5 gxh5 42. Rxh5 Kg6 43. Rxa5 f3 44. Rc5 Re6 0-1

[Event "Calvia Amateur op 14th"]
[Site "Calvia"]
[Date "2017.10.14"]
[Round "8"]
[White "Tattersall Rodriguez, Lester Antonio"]
[Black "Mazanek, Kamil"]
[Result "1-0"]
[WhiteElo "2286"]
[BlackElo "2100"]
[PlyCount "57"]
[EventDate "2017.10.07"]
[EventType "swiss"]
[EventRounds "9"]
[EventCountry "ESP"]
[SourceTitle "EXT 2019"]
[Source "ChessBase"]
[SourceDate "2018.10.10"]
[SourceVersion "1"]
[SourceVersionDate "2018.10.10"]
[SourceQuality "1"]

1. e4 c6 2. Nf3 d5 3. Nc3 e6 4. d4 Nf6 5. e5 Nfd7 6. Ne2 Be7 7. Nf4 g6 8. Bd3 Nf8 9. c3 b6 10. b3 a5 11. a4 Ba6 12. c4 Bb7 13. h4 h5 14. Qc2 Na6 15. Bd2 Rc8 16. 0-0 Nb4 17. Bxb4 Bxb4 18. Ng5 Be7 19. Nfh3 Bxg5 20. Nxg5 Qe7 21. Rfe1 Nh7 22. Nxf7 Kxf7 23. Bxg6+ Kg7 24. Re3 Qxh4 25. Rh3 Qf4 26. Rf3 Qh4 27. Rf7+ Kh6 28. Bxh7 Qg5 29. f4 1-0

[Event "Calvia Amateur op 14th"]
[Site "Calvia"]
[Date "2017.10.07"]
[Round "1"]
[White "Mazanek, Kamil"]
[Black "Aguado Doncel, Pablo Luis"]
[Result "1-0"]
[WhiteElo "2100"]
[BlackElo "1725"]
[PlyCount "65"]
[EventDate "2017.10.07"]
[EventType "swiss"]
[EventRounds "9"]
[EventCountry "ESP"]
[SourceTitle "CBM 181 Extra"]
[Source "ChessBase"]
[SourceDate "2017.12.12"]
[SourceVersion "1"]
[SourceVersionDate "2017.12.12"]
[SourceQuality "1"]

1. c4 e6 2. Nc3 d5 3. d4 Nf6 4. Bg5 Be7 5. e3 0-0 6. Nf3 Nbd7 7. a3 a6 8. Rc1 dxc4 9. Bxc4 b5 10. Ba2 c5 11. 0-0 Bb7 12. dxc5 Nxc5 13. Nd4 Nfe4 14. Bxe7 Qxe7 15. Qg4 Rfd8 16. Rfd1 Nxc3 17. Rxc3 Rac8 18. b4 Ne4 19. Rxc8 Rxc8 20. Nxe6 Qf6 21. Nf4 g5 22. Bd5 Nxf2 23. Kxf2 h5 24. Bxf7+ Qxf7 25. Qxg5+ Kh8 26. Rd8+ Rxd8 27. Qxd8+ Kh7 28. Qg5 Qa2+ 29. Kg3 Qxa3 30. Qxh5+ Kg7 31. Qe5+ Kh6 32. Qf6+ Kh7 33. Qf7+ 1-0

[Event "CZE-chT2A 1516"]
[Site "Czech Republic"]
[Date "2015.10.18"]
[Round "1.6"]
[White "Mazanek, Kamil"]
[Black "Liska, Karel"]
[Result "1-0"]
[WhiteElo "2102"]
[BlackElo "2095"]
[PlyCount "79"]
[EventDate "2015.10.18"]
[EventType "team-tourn"]
[EventRounds "11"]
[EventCountry "CZE"]
[SourceTitle "EXT 2022"]
[Source "ChessBase"]
[SourceDate "2021.10.06"]
[SourceVersion "1"]
[SourceVersionDate "2021.10.06"]
[SourceQuality "1"]
[WhiteTeam "Podborany"]
[BlackTeam "Plzen Kosutka"]
[WhiteTeamCountry "CZE"]
[BlackTeamCountry "CZE"]

1. c4 e5 2. Nc3 Nc6 3. Nf3 Nf6 4. e3 d6 5. d4 Bg4 6. Be2 Be7 7. 0-0 0-0 8. b3 Qd7 9. Bb2 exd4 10. Nxd4 Nxd4 11. Qxd4 Bxe2 12. Nxe2 Ne8 13. Qd5 Rb8 14. Rfd1 Bf6 15. Bd4 b6 16. Ng3 Qe6 17. Qc6 Qc8 18. Ne4 Bxd4 19. Rxd4 Qb7 20. Qd7 c5 21. Qxb7 Rxb7 22. Rd5 Rd7 23. Rad1 f5 24. Nxd6 Nf6 25. R5d2 Rfd8 26. Kf1 Kf8 27. Ke1 g6 28. Nb5 Rxd2 29. Rxd2 Rxd2 30. Kxd2 Ne4+ 31. Ke1 a6 32. Nc7 Nc3 33. a4 Ke7 34. f3 Kd7 35. Nxa6 Kc6 36. Kd2 Na2 37. Kc2 Kd6 38. Kb2 Nb4 39. Nxb4 cxb4 40. f4 1-0

[Event "Kadan op"]
[Site "Kadan"]
[Date "2014.??.??"]
[Round "1"]
[White "Mazanek, Kamil"]
[Black "Lausmann, Kurt"]
[Result "1-0"]
[WhiteElo "2129"]
[BlackElo "1808"]
[PlyCount "35"]
[EventDate "2014.08.??"]
[EventType "swiss"]
[EventRounds "9"]
[EventCountry "CZE"]
[SourceTitle "EXT 2016"]
[Source "ChessBase"]
[SourceDate "2015.10.08"]
[SourceVersion "1"]
[SourceVersionDate "2015.10.08"]
[SourceQuality "1"]

1. c4 Nf6 2. Nc3 c6 3. d4 d5 4. Nf3 Bf5 5. Qb3 b6 6. Bf4 e6 7. e3 Bd6 8. Bg5 dxc4 9. Bxc4 h6 10. Bh4 g5 11. Bg3 Bxg3 12. hxg3 Rh7 13. Ne5 Qd6 14. Be2 Nbd7 15. g4 Bg6 16. Bf3 Rc8 17. Nxc6 Rxc6 18. Nb5 1-0

[Event "CZE-chT2B 0910"]
[Site "Czech Republic"]
[Date "2010.03.28"]
[Round "10.4"]
[White "Lorenc, Tomas"]
[Black "Mazanek, Kamil"]
[Result "1-0"]
[WhiteElo "2150"]
[BlackElo "2125"]
[PlyCount "99"]
[EventDate "2009.10.18"]
[EventType "team-tourn"]
[EventRounds "11"]
[EventCountry "CZE"]
[SourceTitle "EXT 2012"]
[Source "ChessBase"]
[SourceDate "2011.11.24"]
[SourceVersion "1"]
[SourceVersionDate "2011.11.24"]
[SourceQuality "1"]
[WhiteTeam "Karlovy Vary"]
[BlackTeam "Jirkov"]
[WhiteTeamCountry "CZE"]
[BlackTeamCountry "CZE"]

1. b4 c6 2. Bb2 Qb6 3. a3 a5 4. c4 axb4 5. c5 Qc7 6. axb4 Rxa1 7. Bxa1 Nf6 8. Nf3 d6 9. e3 b6 10. cxd6 exd6 11. Bxf6 gxf6 12. Nc3 b5 13. Nd4 d5 14. Bxb5 Bd7 15. Bd3 Bxb4 16. Qf3 Qe5 17. 0-0 h5 18. Bf5 Bd6 19. g3 h4 20. Bxd7+ Kxd7 21. Qg4+ Kc7 22. Nf3 Qe6 23. Qxe6 fxe6 24. Nxh4 Nd7 25. Ra1 Kb7 26. f4 f5 27. Nf3 Nf6 28. Ng5 Re8 29. Nf7 Bc7 30. Rb1+ Kc8 31. Na4 Re7 32. Ng5 Bd6 33. Rc1 Kc7 34. h3 Nh5 35. Kg2 Kd7 36. d4 Rg7 37. Nc5+ Bxc5 38. dxc5 e5 39. Ra1 exf4 40. exf4 Kc8 41. Ra8+ Kd7 42. Kf3 Re7 43. g4 Ng7 44. h4 fxg4+ 45. Kxg4 Ne8 46. Ra7+ Nc7 47. f5 Kd8 48. f6 Re1 49. f7 Rf1 50. Rxc7 1-0

[Event "CZE-chT2B 0910"]
[Site "Czech Republic"]
[Date "2010.02.14"]
[Round "7.4"]
[White "Hadraba, Vladimir"]
[Black "Mazanek, Kamil"]
[Result "1/2-1/2"]
[WhiteElo "2247"]
[BlackElo "2125"]
[PlyCount "41"]
[EventDate "2009.10.18"]
[EventType "team-tourn"]
[EventRounds "11"]
[EventCountry "CZE"]
[SourceTitle "EXT 2012"]
[Source "ChessBase"]
[SourceDate "2011.11.24"]
[SourceVersion "1"]
[SourceVersionDate "2011.11.24"]
[SourceQuality "1"]
[WhiteTeam "Usti nad Labem"]
[BlackTeam "Jirkov"]
[WhiteTeamCountry "CZE"]
[BlackTeamCountry "CZE"]

1. e4 c6 2. d4 d5 3. exd5 cxd5 4. Bd3 Nc6 5. c3 Nf6 6. Bf4 Bg4 7. Qb3 Qd7 8. h3 Bh5 9. Nd2 a6 10. Ngf3 e6 11. 0-0 Be7 12. Ne5 Qc8 13. Rae1 Nd7 14. Ndf3 Ncxe5 15. Nxe5 Nxe5 16. Bxe5 0-0 17. a4 Bg6 18. Be2 Qd7 19. Rd1 Rac8 20. a5 Rc6 21. Ra1 1/2-1/2

[Event "CZE-chT2b 0506"]
[Site "Czech Republic"]
[Date "2006.04.09"]
[Round "11.3"]
[White "Mazanek, Kamil"]
[Black "Contos, Vaclav"]
[Result "1/2-1/2"]
[WhiteElo "2187"]
[BlackElo "2045"]
[PlyCount "20"]
[EventDate "2005.10.16"]
[EventType "team"]
[EventRounds "11"]
[EventCountry "CZE"]
[SourceTitle "EXT 2009"]
[Source "ChessBase"]
[SourceDate "2008.11.26"]
[SourceVersion "1"]
[SourceVersionDate "2008.11.26"]
[SourceQuality "1"]

1. c4 e5 2. Nc3 Nc6 3. e3 Nf6 4. Nf3 Be7 5. d4 exd4 6. Nxd4 0-0 7. Be2 d6 8. Nxc6 bxc6 9. Bf3 Bd7 10. 0-0 Re8 1/2-1/2

[Event "CZE-chT2b 0506"]
[Site "Czech Republic"]
[Date "2006.02.26"]
[Round "8"]
[White "Volfl, Zdenek"]
[Black "Mazanek, Kamil"]
[Result "1-0"]
[WhiteElo "2280"]
[BlackElo "2187"]
[PlyCount "28"]
[EventDate "2005.10.16"]
[EventType "team"]
[EventRounds "11"]
[EventCountry "CZE"]
[SourceTitle "EXT 2009"]
[Source "ChessBase"]
[SourceDate "2008.11.26"]
[SourceVersion "1"]
[SourceVersionDate "2008.11.26"]
[SourceQuality "1"]

1. Nf3 c6 2. c4 d5 3. Qb3 dxc4 4. Qxc4 Nf6 5. d4 Bf5 6. g3 e6 7. Bg2 Nbd7 8. 0-0 Nb6 9. Qb3 Qd5 10. Qxd5 cxd5 11. Nc3 a6 12. Nh4 Bc2 13. Bg5 Ne4 14. Nxe4 dxe4 1-0

[Event "CZE-chT2b 0506"]
[Site "Czech Republic"]
[Date "2005.12.04"]
[Round "4"]
[White "Mazanek, Kamil"]
[Black "Sejkora, Vlastimil"]
[Result "1/2-1/2"]
[WhiteElo "2185"]
[BlackElo "2195"]
[PlyCount "112"]
[EventDate "2005.10.16"]
[EventType "team"]
[EventRounds "11"]
[EventCountry "CZE"]
[SourceTitle "EXT 2009"]
[Source "ChessBase"]
[SourceDate "2008.11.26"]
[SourceVersion "1"]
[SourceVersionDate "2008.11.26"]
[SourceQuality "1"]

1. c4 g6 2. Nc3 Bg7 3. d4 d6 4. e4 Nf6 5. Bd3 0-0 6. h3 e5 7. d5 c5 8. Nge2 a6 9. a4 Nbd7 10. Bg5 Qe8 11. Qd2 b6 12. Ng3 h5 13. 0-0 Nh7 14. Bh6 Qe7 15. Nge2 Rb8 16. b3 Qh4 17. Bxg7 Kxg7 18. Qe3 Qe7 19. Rae1 h4 20. Kh1 Nhf6 21. g4 hxg3 22. fxg3 Rh8 23. Kg2 Nh5 24. g4 Nf4+ 25. Nxf4 exf4 26. Qxf4 Ne5 27. Be2 Rh4 28. Rh1 Bd7 29. Ref1 Rbh8 30. Nd1 g5 31. Qe3 Ng6 32. Qc3+ f6 33. Ne3 Nf4+ 34. Kf2 Qxe4 35. Bf3 Qe5 36. Qxe5 fxe5 37. Bg2 Rf8 38. Kg3 Ne2+ 39. Kh2 Rf4 40. Bf3 Nd4 41. Bd1 Rh8 42. Ng2 Rxf1 43. Rxf1 b5 44. axb5 axb5 45. Ne3 Ra8 46. Rf2 Ra1 47. Rb2 Be8 48. Kg3 b4 49. h4 gxh4+ 50. Kxh4 Kg6 51. g5 Bd7 52. Rf2 Kg7 53. Rf6 Be8 54. Kg4 Bd7+ 55. Kh4 Be8 56. Kg4 Bd7+ 1/2-1/2

[Event "CZE-chT2b 0506"]
[Site "Czech Republic"]
[Date "2005.10.16"]
[Round "1"]
[White "Reitinger, Petr"]
[Black "Mazanek, Kamil"]
[Result "0-1"]
[WhiteElo "2095"]
[BlackElo "2185"]
[PlyCount "68"]
[EventDate "2005.10.16"]
[EventType "team"]
[EventRounds "11"]
[EventCountry "CZE"]
[SourceTitle "EXT 2009"]
[Source "ChessBase"]
[SourceDate "2008.11.26"]
[SourceVersion "1"]
[SourceVersionDate "2008.11.26"]
[SourceQuality "1"]

1. e4 c6 2. d4 d5 3. exd5 cxd5 4. Nf3 Nc6 5. c3 Nf6 6. Bf4 e6 7. Nbd2 Bd6 8. Bxd6 Qxd6 9. Bd3 a6 10. 0-0 0-0 11. Re1 Qc7 12. Ne5 Nxe5 13. dxe5 Nd7 14. Nf3 g6 15. Qe2 Nc5 16. Bc2 b5 17. Nd4 Bb7 18. Qe3 Kg7 19. Qf4 Qe7 20. Re3 h5 21. Rae1 Rac8 22. h4 Nd7 23. a3 Nb6 24. Rh3 Nc4 25. g4 Rh8 26. gxh5 Rxh5 27. Bd1 Rh6 28. Qg3 Nxb2 29. f4 Kf8 30. f5 gxf5 31. h5 Nxd1 32. Rxd1 Ke8 33. Qg7 Qf8 34. Nxe6 Rxe6 0-1